Statistics for Alton Towers Roller Coasters

Click here to take the quiz!

General Stats

  • This quiz has been taken 372 times
  • The average score is 6 of 8

Answer Stats

HintAnswer% Correct
2013The Smiler
97%
1994Nemesis
94%
1998Oblivion
94%
2005Rita
85%
2010TH13TEEN
85%
2002Air
80%
2004Sonic Spinball
59%
1992Runaway Mine Train
54%

Score Distribution

Percentile by Number Answered

Percent of People with Each Score

Your Score History

You have not taken this quiz